| 000 | 01952cam a2200517 a 4500 | ||
|---|---|---|---|
| 001 | 21452 | ||
| 003 | VRT | ||
| 005 | 20260302123329.0 | ||
| 008 | 240226s2002 xo a br 000 j slo | ||
| 015 | _aSNBA2004/02-00862 | ||
| 020 | _a8071466875 | ||
| 035 | _aSNK000405793 | ||
| 035 | _aurn:nbn:sk:snk-amyf0j | ||
| 035 | _aurn:nbn:sk:snk-am00cf1k | ||
| 035 | _a1190D719-FA23-4839-9C66-67BBADF94C11 | ||
| 039 | 9 |
_a202501211037 _bmsnk160 _c202411051520 _dAUTHORITY _c202406102043 _dcsnk01 _c202406102042 _dcsnk01 |
|
| 040 |
_aSNK _bslo _cSNK _eAACR2 |
||
| 041 | 1 |
_aslo _hfre |
|
| 044 |
_axo _cSK |
||
| 072 | 7 |
_a821-93 _xLiteratúra pre deti a mládež _2konspekt |
|
| 072 | 7 |
_a821.133.1-3 _xFrancúzska próza, francúzsky písaná _2konspekt |
|
| 080 |
_a821.133.1-32 _22001 |
||
| 080 |
_a821-93 _21981 |
||
| 080 |
_a(0:82-32) _21981 |
||
| 100 | 1 |
_aMaury, Marie-José, _d1931- _4aut _4ill |
|
| 245 | 1 | 0 |
_aHeidi a jej priatelia _ctext a ilustrácie Marie-José Maury ; preklad Tatiana Žáryová |
| 250 | _a[1.] slov. vyd. | ||
| 260 |
_aBratislava _bJunior _c[2002] |
||
| 300 |
_a67 s. _bfareb. ilustr. _c26 cm |
||
| 500 | _aPreložené z francúzštiny | ||
| 655 | 7 |
_afrancúzske príbehy _2SNKPH |
|
| 655 | 7 |
_aliterárne adaptácie _2SNKPH |
|
| 655 | 7 |
_ašvajčiarske príbehy (nemecky) _2SNKPH |
|
| 655 | 7 |
_aliteratúra pre deti _2SNKPH |
|
| 700 | 1 |
_aŽáryová, Tatiana _4trl |
|
| 700 | 1 |
_aSpyri, Johanna, _d1827-1901 _4ant |
|
| 700 | 1 |
_iAdaptácia diela: _aSpyri, Johanna, _d1827-1901 _tHeidi |
|
| 942 |
_2ddc _cKLDE _n0 |
||
| 949 |
_63869A00252 _abpksh087.5 _bbpksh53399 |
||
| 949 |
_617A0377152 _9P60, <03>, [BOOK], {603} _asnkSB 66368 _bsnkKSP 3175/2003 _s6100:20160606 |
||
| 949 |
_617A0377153 _9P60, <04>, [BOOK], {604} _asnkSB 66368 D1 _bsnkKSP 3176/2003 |
||
| 949 |
_6273K0121019 _asvkpoC 39969 _bsvkpo458218 |
||
| 949 |
_62889324195 _asavukPV 5562 |
||
| 999 |
_c21452 _d21452 |
||